000 00459pab a2200157 454500
008 180718b2000 xxu||||| |||| 00| 0 eng d
100 _aSawer, Marian
245 _aParliamentary representation of women: from discourses of justice to strategies of accountability
260 _c2000
300 _ap.361-80
362 _aOct
650 _aAccountability
650 _aWomen in politics
773 _aInternational Political Science Review
909 _a46954
999 _c46954
_d46954